| 000 | 00492nam a2200169 4500 | ||
|---|---|---|---|
| 001 | 119043 | ||
| 003 | ES-MaACL | ||
| 005 | 20230906191228.0 | ||
| 007 | t| | ||
| 008 | 070214s1972 sp r ||||1| spa d | ||
| 100 | 1 |
_aPérez Fernández, Manuel. _990861 |
|
| 245 | 1 | 3 |
_aEl cultivo del nogal / _cManuel Pérez Fernández. |
| 260 |
_aMadrid : _bExtensión Agraria, _c1972. |
||
| 300 |
_a55 p. : _bil ; _c24 cm. |
||
| 710 | 2 |
_aExtensión Agraria. _94048 |
|
| 852 |
_aES-MaACL _jC-51286 _bR.85233 |
||
| 999 |
_c119043 _d119043 |
||